Cargando...
Religion; A Beginner's Guide
| Autor Principal: | |
|---|---|
| Formato: | Printed Book |
| Publicado: |
Oxford;
Oneworld Publicatons;
2006
|
| Subjects: |
| LEADER | 00494nam a22001457a 4500 | ||
|---|---|---|---|
| 020 | |a 1-85168-258-9 | ||
| 082 | |a 200 |b FOR/R P6 | ||
| 100 | |a Forward,Martin |9 186269 | ||
| 245 | |a Religion; |b A Beginner's Guide | ||
| 260 | |a Oxford; |b Oneworld Publicatons; |c 2006 | ||
| 300 | |a 190p. | ||
| 650 | |a English; Religion |9 310366 | ||
| 942 | |c BK | ||
| 999 | |c 66875 |d 66875 | ||
| 952 | |0 0 |1 0 |4 0 |6 200_000000000000000_FOR_R_P6 |7 0 |8 RELI |9 79608 |a MAL |b MAL |d 2016-11-04 |e 49993 |l 0 |o 200 FOR/R P6 |p MAL049993 |r 2016-11-04 |t 1 |w 2016-11-04 |y BK | ||